000 01330nam a2200361Ia 4500
001 ebr10723891
003 CaPaEBR
006 m o u
007 cr cn|||||||||
008 100830s2011 enk sb 001 0 eng d
020 _z0746309791 (pbk.)
020 _z0746310706
020 _z9780746309797 (pbk.)
020 _z9780746310700
020 _z9780746312629
040 _aCaPaEBR
_cCaPaEBR
035 _a(OCoLC)854569473
050 1 4 _aPR6023.E42
_bZ856 2011eb
082 0 4 _a823.912
_223
100 1 _aSimons, Judy.
245 1 0 _aRosamond Lehmann
_h[electronic resource] /
_cJudy Simons.
260 _aDevon :
_bNorthcote House,
_c2011.
300 _aix, 102 p.
490 1 _aWriters and their work
504 _aIncludes bibliographical references (p. 94-99) and index.
533 _aElectronic reproduction.
_bPalo Alto, Calif. :
_cebrary,
_d2013.
_nAvailable via World Wide Web.
_nAccess may be limited to ebrary affiliated libraries.
600 1 0 _aLehmann, Rosamond,
_d1901-1990
_xCriticism and interpretation.
650 0 _aAuthors, English.
655 7 _aElectronic books.
_2local
710 2 _aebrary, Inc.
830 0 _aWriters and their work (Unnumbered)
856 4 0 _uhttp://site.ebrary.com/lib/rucke/Doc?id=10723891
_zAn electronic book accessible through the World Wide Web; click to view
999 _c152636
_d152636